000 01380nam a2200385 i 4500
001 31048
003 KOSZ 005
005 20221214141624.0
008 980702s1995 pl a |000 0 pol
015 _aPB 1996/5827
020 _a8370851940
035 _a(OCoLC)830106381
040 _aWA N
_cWA N
_dKOSZ 005/HR
046 _k1995
080 _a005.95/.96
080 _a658.310
080 _a331.1/.5
245 0 0 _aZarządzanie zasobami ludzkimi :
_bzagadnienia wybrane : praca zbiorowa /
_cpod red. Tadeusza Stalewskiego i Edwarda Ziobry.
260 _aWrocław :
_bOficyna Wydawnicza Politechniki Wrocławskiej,
_c1995.
300 _a180 s. :
_bfot., rys., wykr. ;
_c24 cm.
336 _2rdacontent
_aTekst
_btxt
337 _2rdamedia
_aBez urządzenia pośredniczącego
_bn
338 _2rdacarrier
_aWolumin
_bnc
380 _aKsiążki
388 _a1901-2000
388 _a1989-2000
504 _aBibliogr. przy pracach.
650 4 _aZarządzanie zasobami ludzkimi (HRM)
658 _aZarządzanie i marketing
700 1 _aStalewski, Tadeusz
_d(1947-2007)
_eRedakcja
700 1 _aZiobro, Edward
_d(1926-1999)
_eRedakcja
710 2 _aOficyna Wydawnicza Politechniki Wrocławskiej
_4pbl.
856 _uhttp://koha.tu.koszalin.pl/cgi-bin/koha/opac-detail.pl?biblionumber=31048
_yKatalog online BPK
942 _2UKD
_cKS
999 _c31048
_d31048